| 000 | 01807cam a2200337 a 4500 | ||
|---|---|---|---|
| 001 | 16908452 | ||
| 003 | Nust- CAS-E | ||
| 005 | 20180118181355.0 | ||
| 008 | 110808s2012 flua b 001 0 eng | ||
| 010 | _a 2011032559 | ||
| 020 | _a9781439868584 | ||
| 040 |
_aDLC _cDLC _dDLC |
||
| 042 | _apcc | ||
| 050 | 0 | 0 |
_aTJ267.5.B5 _bG65 2012 |
| 082 | 0 | 0 |
_a621.45 _223 _bGOL 2012 |
| 084 |
_aSCI024000 _aTEC021000 _2bisacsh |
||
| 100 | 1 | _aGolfman, Yosif. | |
| 245 | 1 | 0 |
_aHybrid anisotropic materials for wind power turbine blades / _cYosif Golfman. |
| 260 |
_aBoca Raton, Fla. : _bCRC Press, _cc2012. |
||
| 300 |
_axvii, 235 p. : _bill. ; _c24 cm. |
||
| 504 | _aIncludes bibliographical references and index. | ||
| 520 | _a"Exploring a wide range of key technical topics, this book presents up-to-date coverage of anisotropic materials used in the production of turbine blades. The text presents important information in the materials selection of carbon/fiberglass, the percentage combinations, and the design concepts required for manufacturing wind blades. The author presents the strength criteria for anisotropic materials, as well as the manufacturing criteria for turbine blade materials selection. In addition, this comprehensive resource also examines dynamic fatigue life factors in turbine blade design. Other topics include NDE methods for predicting deflections, stiffness, and strength"-- | ||
| 650 | 0 |
_aTurbines _xBlades _xMaterials. |
|
| 650 | 0 |
_aWind turbines _xMaterials. |
|
| 650 | 0 | _aAnisotropy. | |
| 650 | 7 |
_aSCIENCE / Energy _2bisacsh. |
|
| 650 | 7 |
_aTECHNOLOGY & ENGINEERING / Material Science _2bisacsh. |
|
| 906 |
_a7 _bcbc _corignew _d1 _eecip _f20 _gy-gencatlg |
||
| 942 |
_2ddc _cBK |
||
| 999 |
_c355262 _d355262 |
||